Responses for show #8113 - Wednesday, December 11, 2019

Jennifer Quail game 6.

Contestants

[<< previous game]

Denise Page, an office manager and literary agency assistant from Maspeth, New York

Doug Beckner, a scientific illustrator from San Francisco, California

Jennifer Quail, a wine tasting consultant from Dowagiac, Michigan (whose 5-day cash winnings total $149,500)

[next game >>]

Jeopardy! Round responses

THE SECOND-LARGEST CITY IN THE STATE
TV MOMS
IN FULL
A HAT TIP TO YOU
TAKING A VOWEL OF SILENCE
THERE ONCE WAS THIS MAN FROM...
    $200 26
New Haven

Denise
    $200 13
the Magna Carta

Denise
    $200 1
a newsboy

Doug
    $200 22
leopard

Denise
    $200 6
Pelé

Jennifer
    $400 25
[Alex reads the clue with a Southern accent.]

Baton Rouge

Jennifer
    $400 19
Carol (Brady)

Jennifer
    $400 14
the ATF

Jennifer
    $400 2
the Alamo

Jennifer
    $400 11
(Alex: That would be [*]. The "U" is silent?)

guard

Triple Stumper
    $400 7
Obama

Jennifer
    $600 16
(Jennifer: What is Glee?)

Crazy Ex-Girlfriend

JenniferDenise
    $600 15
[Alex reads the clue with a "Slavic" accent.]
...
(Alex: [Still in accent] [*], good country. [*]. We take break now.)
[Laughter]

Kazakhstan

Denise
    $600 3
a Panama hat

Jennifer
    $600 12
romantically

Jennifer
    $600 8
L.L. Bean

Jennifer
    $800 28
(Jennifer: What is Tampa?)
...
[The end-of-round signal sounds.]

Jacksonville

Jennifer
Triple Stumper
    $800 17
The Goldbergs

Denise
    $1,000 20
the Citadel

Jennifer
    $800 4
stovepipe

Jennifer
    $800 23
(Alex: Less than a minute now.)

a fluke

Doug
    $800 9
the Shah

Jennifer
    $1000 27
Worcester

Denise
    $1000 18
That '70s Show

Denise
    $1000 21
Jordan

Jennifer
    $1000 5
a bowler

Triple Stumper
    $1000 24
(Doug; What is... architecture?)

business

Doug
Triple Stumper
    $1000 10
Scott Joplin

Doug

Scores at the first commercial break (after clue 15):

Jennifer Doug Denise
$4,800 $1,200 $800

Scores at the end of the Jeopardy! Round:

Jennifer Doug Denise
$6,200 $1,000 $4,600

Double Jeopardy! Round responses

NAVAL HISTORY
VOCABULARY
A CINDERELLA STORY
SCIENCE
ITALIAN AUTHORS
COMING OUT OF YOUR SHELL
    $400 10
nuclear power

Doug
    $400 15
a marquee

Denise
    $400 29
[The end-of-round signal sounds.]

Grimm

Denise
    $400 28
Dante

Jennifer
    $400 22
a pearl

Doug
    $800 11
John Paul Jones

Jennifer
    $800 20
wingspan

Jennifer
    $800 17
the Prince

Denise
    $800 7
(Jennifer: What is fusion?)
[Denise said it like it would rhyme with "vision".]

fission

JenniferDenise
    $800 27
an opera

Jennifer
    $800 26
(Denise: What is Armor All?)

Turtle Wax

DougDenise
    $1200 12
Sicily

Jennifer
    $1200 19
pommel

Jennifer
    $1200 8
Into the Woods

Denise
    $1200 3
ticks

Denise
    $1200 5
(Lorenzo de') Medici

Doug
    $1200 25
(Alex: Less than a minute.)

Royal Dutch

Doug
    $1600 13
(David) Farragut

Jennifer
    $1600 18
swagger

Jennifer
    $1600 9
(Gregory) Maguire

Jennifer
    $1600 2
hafnium

Doug
    $2,000 4
(Denise: What is The Name of the Rose?)

Foucault's Pendulum

Denise
    $1600 24
the Hollywood Bowl

Doug
    $2000 14
Russo-Japanese War

Jennifer
    $2000 21
(Alex: The Iraqi city is Mosul, and the correct response, "What is [*]"?)

muslin

Triple Stumper
    $2000 16
(Jennifer: Who is "Pure-oh"?)
(Alex: Pardon?)
(Jennifer: Pure-oh?)
(Alex: We're accepting that.)

Charles Perrault

Jennifer
    $2000 1
a photon

Doug
    $2000 6
verismo

Triple Stumper
    $6,000 23
(Doug: Um... what is a... Mortar?)

Shrapnel

Doug

Scores at the end of the Double Jeopardy! Round:

Jennifer Doug Denise
$19,400 $4,200 $6,600
(lock game)

[wagering suggestions for these scores]

Final Jeopardy! Round responses

NATIONAL HISTORICAL PARKS
DougWhat is Tennessee Valley
$4,100
DeniseWhat is Nashville?
$6,599
JenniferWhat is Oak Ridge?
$2,500
Oak Ridge

Final scores:

Jennifer Doug Denise
$21,900 $100 $1
6-day champion: $171,400 2nd place: $2,000 3rd place: $1,000

Game dynamics:

Coryat scores:

Jennifer Doug Denise
$19,200 $10,200 $8,600
24 R
(including 1 DD),
3 W
11 R,
2 W
(including 1 DD)
14 R,
2 W
(including 1 DD)

Combined Coryat: $38,000

The J! Archive is created by fans, for fans. The Jeopardy! game show and all elements thereof, including but not limited to copyright and trademark thereto, are the property of Jeopardy Productions, Inc. and are protected under law. This website is not affiliated with, sponsored by, or operated by Jeopardy Productions, Inc. Join the discussion at JBoard.tv.